00800 2200265 4500001002100000005001700021008004100038020002200079035002400101082001300125090002000138100002300158245008800181260002700269300002800296500008200324500001100406650002800417700002900445850000900474985000600483999001500489999001500504999001500519YOGYA-0209000007323420090227093717.0 ind  a978-979-29-0092-7 0010-020900000073234 a620.0046 a620.0046bGun S aGUNAWAN, Hariyanto aStep by StepbMechanical desktopcHariyanto Gunawan;editor,Theresia Ariie Prabawati aYogyakartabAndic2007 avi,282 hlmbilusc23 cm aDiterbitkan ataskerjasama LPPM UniversitasKristten Petra dengan penerbit Andi aAda CD aDesktop(Teknik mekanik) aPrabawati, Theresia Arie aBPAD a3 a08B0044458 a08B0044459 a08B0044460